On the Ning Nang Nong poem - Statistics

General Stats
  • This quiz has been taken 20 times
  • The average score is 59 of 84
Answer Stats
Answer % Correct
bong
100%
cows
100%
go
100%
nang
100%
ning
100%
nong
100%
On
100%
the
100%
the
100%
the
93%
where
93%
all
87%
and
87%
monkeys
87%
boo
80%
Say
80%
a
73%
bong
73%
cows
73%
go
73%
go
73%
go
73%
go
73%
go
73%
jabber
73%
jibber
73%
joo
73%
nang
73%
nang
73%
nang
73%
nang
73%
nang
73%
ning
73%
ning
73%
ning
73%
ning
73%
ning
73%
nong
73%
nong
73%
nong
73%
nong
73%
nong
73%
the
73%
the
73%
the
73%
the
73%
a
67%
and
67%
and
67%
do
67%
nang
67%
nang
67%
ning
67%
ning
67%
nong
67%
on
67%
ping
67%
ping
67%
teapots
67%
the
67%
trees
67%
trees
67%
where
67%
catch
60%
clang
60%
its
60%
so
60%
them
60%
they
60%
when
60%
where
60%
belong
53%
cant
53%
clang
53%
just
53%
mice
53%
mice
53%
place
53%
to
53%
what
53%
you
53%
theres
47%
is
40%
funny
7%
No matching quizzes found
Score Distribution
Percent of People with Each Score
Percentile by Number Answered
Your Score History
You have not taken this quiz